Farm and rural buildings pocketbook. (Record no. 86463)

MARC details
000 -LEADER
fixed length control field 00651cam a2200241 4500
008 - FIXED-LENGTH DATA ELEMENTS--GENERAL INFORMATION
fixed length control field 090401t1991 xxu||||| |||| 00| 0 eng d
020 ## - INTERNATIONAL STANDARD BOOK NUMBER
International Standard Book Number 1873628021
035 ## - SYSTEM CONTROL NUMBER
System control number (Sirsi) u7960
041 ## - LANGUAGE CODE
Language code of text/sound track or separate title eng
050 ## - LIBRARY OF CONGRESS CALL NUMBER
Classification number 631.2
100 ## - MAIN ENTRY--PERSONAL NAME
Personal name Astley-Cooper, Pat
245 ## - TITLE STATEMENT
Title Farm and rural buildings pocketbook.
260 ## - PUBLICATION, DISTRIBUTION, ETC.
Place of publication, distribution, etc. Stoneleigh, Warwickshire
Name of publisher, distributor, etc. Farm and Rural Buildings Centre
Date of publication, distribution, etc. 1991
300 ## - PHYSICAL DESCRIPTION
Extent 210p. ; 21x10cm.
350 ## - PRICE (NR) (BK AM CF MU VM SE) [OBSOLETE]
Price 0
650 ## - SUBJECT ADDED ENTRY--TOPICAL TERM
Topical term or geographic name entry element FARM BUILDINGS
690 ## - LOCAL SUBJECT ADDED ENTRY--TOPICAL TERM (OCLC, RLIN)
Topical term or geographic name as entry element RURAL PRACTICE
700 ## - ADDED ENTRY--PERSONAL NAME
Personal name Martyn, Eoin
700 ## - ADDED ENTRY--PERSONAL NAME
Personal name Allen-Jones, Peter
710 ## - ADDED ENTRY--CORPORATE NAME
Corporate name or jurisdiction name as entry element Farm and Rural Buildings Centre
9 (RLIN) 2333
942 ## - ADDED ENTRY ELEMENTS (KOHA)
Suppress in OPAC 0
948 ## - LOCAL PROCESSING INFORMATION (OCLC); SERIES PART DESIGNATOR (RLIN)
c (OCLC) 04/03/1997
Holdings
Withdrawn status Lost status Source of classification or shelving scheme Damaged status Not for loan Home library Current library Shelving location Date acquired Total Checkouts Full call number Barcode Date last seen Date last checked out Copy number Price effective from Koha item type
    Dewey Decimal Classification     London London Books 29/01/1992 2 631.2 30025513 06/08/2019 03/02/2004 1 06/08/2019 Book